Menuju kepada Islam : (Record no. 1163)

000 -LEADER
fixed length control field nam a22 a 4500
003 - CONTROL NUMBER IDENTIFIER
control field AKMAL
005 - DATE AND TIME OF LATEST TRANSACTION
control field 20170508144826.0
008 - FIXED-LENGTH DATA ELEMENTS--GENERAL INFORMATION
fixed length control field 170505s1994 my 00 may d
020 ## - INTERNATIONAL STANDARD BOOK NUMBER
International Standard Book Number 9676900397 (kkt.):
Terms of availability RM 6.80
040 ## - CATALOGING SOURCE
Original cataloging agency AKMAL
082 04 - DEWEY DECIMAL CLASSIFICATION NUMBER
Classification number 297.4 FAT
090 ## - LOCALLY ASSIGNED LC-TYPE CALL NUMBER (OCLC); LOCAL CALL NUMBER (RLIN)
Classification number (OCLC) (R) ; Classification number, CALL (RLIN) (NR) 297.4
Local cutter number (OCLC) ; Book number/undivided call number, CALL (RLIN) FAT
100 1# - MAIN ENTRY--PERSONAL NAME
Personal name Yakan, Fathi
9 (RLIN) 2362
245 10 - TITLE STATEMENT
Title Menuju kepada Islam :
Remainder of title mengajak umat ke jalan Allah /
Statement of responsibility, etc. Fathi Yakan ; alih bahasa Chadidjah Nasution
260 ## - PUBLICATION, DISTRIBUTION, ETC.
Place of publication, distribution, etc. Batu Caves :
Name of publisher, distributor, etc. Thinker's Library,
Date of publication, distribution, etc. 1994
300 ## - PHYSICAL DESCRIPTION
Extent 130ms. :
Other physical details ;
Dimensions 21cm
500 ## - GENERAL NOTE
General note Mengandungi ayat-ayat Al Quran
500 ## - GENERAL NOTE
General note Judul asal: Kaifa nad'uu llal Islam
650 ## - SUBJECT ADDED ENTRY--TOPICAL TERM
Topical term or geographic name entry element Islam
General subdivision Missions
9 (RLIN) 1533
700 1# - ADDED ENTRY--PERSONAL NAME
Personal name Nasution, Chadidjah
9 (RLIN) 2363
942 ## - ADDED ENTRY ELEMENTS (KOHA)
Source of classification or shelving scheme
Koha item type Book
Holdings
Withdrawn status Lost status Source of classification or shelving scheme Damaged status Not for loan Collection code Home library Current library Shelving location Date acquired Inventory number Total Checkouts Full call number Barcode Date last seen Price effective from Koha item type
          NON-FICTION AKMAL Melaka AKMAL Melaka PINJAMAN 08.05.2017 000376   297.4 FAT 201702267 08.05.2017 08.05.2017 Book
Pusat Sumber Maklumat Dato' Haji Sarmin Md Hussin, Akademi Kastam Diraja Malaysia, Melaka
Tel: 06-2331106 | Faks: 06-2313787